| 000 | 00753nam a22001935i 4500 | ||
|---|---|---|---|
| 001 | 155609 | ||
| 003 | ES-MaACL | ||
| 005 | 20230906210137.0 | ||
| 008 | 040726q18701900fr a |||| | fre d | ||
| 040 |
_aCAM _bspa _cCAM |
||
| 100 | 1 |
_aHoussaye, Arsène. _964354 |
|
| 245 | 1 | 0 |
_aTragique aventure de Bal Masqué / _cArséne Houssaye. |
| 260 |
_aParis : _bE. Dentu libraire-éditeur, _c[s.a.] ( _fImprimerie Alcan-Lévy) |
||
| 300 |
_a282 p., [1] h. de lám. ; _c18 cm. |
||
| 500 | _aCabeceras e iniciales grabadas ; marca tip. en la portada. | ||
| 596 | _aProbablemente impreso en el último cuarto del siglo XIX. | ||
| 599 | _aLa h. de lám. grab. calc. retrato de una dama: "Imp. Ch. Chardon, Paris" | ||
| 852 |
_aES-MaACL _jG-10288 _z-- Enc. hol. |
||
| 999 |
_c155609 _d155609 |
||